000 02018na a2200505 4500
001 23980
003 MIRAKIL
005 20181213155325.0
008 180206b tu 000 0
035 _a20386
040 _aMilas
_btur
_cTR-AnCHP
041 _atur
082 _aCHP 324.23072
_bC36s 2015
090 _aBROŞÜR 513
110 _aCumhuriyet Halk Partisi (CHP)
222 _aSeçim bildirgeleri
245 _aSeçim bildirgesi 2015
_bMilletçe alkışlıyoruz
_cCHP
_k[Uzun]
246 _aMilletçe alkışlıyoruz
246 _a2015 seçim bildirgesi
260 _aAnkara
_bCHP
_c2015
300 _a2 s.
_c30 sm.
440 _aCumhuriyet Halk Partisi yayınları
_pBildirgeler
505 _aUmutlu bir gelecek için büyük dönüşüm hedefleri - CHP seçim bildirgesinde kültür sanat - Yasal düzenlemeler- Kurumsal dönüşüm - Sanatçılara sosyoekonomik güvence - Güçlü kültür ve sanat endüstrisi - Kültür ve sanat eğitimi - Kent ve sanat - Müzeciliği geliştireceğiz
610 _aCumhuriyet Halk Partisi (CHP)
_xSeçim bildirgeleri, 2015
610 _aCumhuriyet Halk Partisi (CHP)
_xSeçim kampanyaları, 2015
_ySeçim bildirgeleri
610 _aCHP
_xPropaganda ve ideolojiler
_yBildirgeler
651 _aTürkiye
_xSiyaset ve yönetim
_y2015-
657 _aCHP seçim bildirgeleri
657 _aCHP seçim bildirgesi
657 _aHaziran 2015 genel seçimleri
740 _aCHP 2015 seçim bildirgesi
740 _aMüzeciliği geliştireceğiz
740 _aKent ve sanat
740 _aKültür ve sanat eğitimi
740 _aGüçlü kültür ve sanat endüstrisi
740 _aSanatçılara sosyoekonomik güvence
740 _aKurumsal dönüşüm
740 _aYasal düzenlemeler
740 _aCHP seçim bildirgesinde kültür sanat
740 _aUmutlu bir gelecek için büyük dönüşüm hedefleri
740 _aMilletçe alkışlıyoruz
830 _aCHP bildirgeleri
942 _2ddc
_cBKS
999 _c10544
_d10544